000 00592cam a2200229 4500
008 090401t1982 xxu||||| |||| 00| 0 eng d
020 _a071145759X
035 _a(Sirsi) u38993
041 _aeng
050 _a690.026
245 _aBuilding law reports. - Volume 19.
260 _aLondon
_bGeorge Godwin
_c1982
300 _avii,165p. ; 23cm.
350 _a0
650 _aBUILDING INDUSTRY
650 _aLAW REPORTS
690 _aBUILDING AND CONSTRUCTION-CASE LAW
700 _aReese, Colin
_xEditor
700 _aLLoyd, Humphrey
_xEditor
942 _n0
948 _c04/03/1997
999 _c90744
_d90744